000 00590nam a22001937a 4500
003 OSt
005 20120302151149.0
008 091003t xxu||||| |||| 00| 0 eng d
020 _a81-7161-106-5
035 _a१४८५२
040 _cमराठी
100 _aपंडित, बाळ ज.
_99117
222 _aखेळ/ क्रिकेट
245 _aक्रिकेट मंत्र आणि तंत्र
250 _a१ ली
260 _aपुणे
_bमेहता
_c१९९१
300 _b३४७ पाने
942 _2ddc
_cBOOK
999 _c493918
_d493915